| 000 | 00588nam a22001937a 4500 | ||
|---|---|---|---|
| 999 |
_c1435 _d1435 |
||
| 003 | AR-CdUCM | ||
| 008 | 190227b ||||| |||| 00| 0 spa d | ||
| 040 |
_aMUNICIPALIDAD PROVINCIAL DEL CUSCO _cBIBLIOTECA MUNICIPAL DEL CUSCO |
||
| 082 |
_a869.56 / _bY94 |
||
| 100 |
_aYunis, Yamily _95435 |
||
| 245 | _aLevita la palabra / | ||
| 260 |
_aLima : _bJaime Campodónico Editor, _c1990. |
||
| 300 |
_a75 páginas ; _c20 cm. |
||
| 650 |
_aLiteratura peruana _9169 |
||
| 650 |
_aPoesías peruanas _91481 |
||
| 650 |
_aPoesías peruanas siglo XX _95436 |
||
| 942 |
_2ddc _cLIBROS |
||
| 945 | _azta | ||